| 000 | 00475nam a22001577a 4500 | ||
|---|---|---|---|
| 003 | MPLRDC | ||
| 005 | 20220104145949.0 | ||
| 008 | 210129b ||||| |||| 00| 0 eng d | ||
| 082 | _a053.8861 K1KDYS 2001 | ||
| 100 | _a吉隆坡广东义山特刊编辑委员会 | ||
| 245 |
_a吉隆坡广东义山千禧特刊 _c |
||
| 260 |
_a _b吉隆坡广东义山特刊出版委员会 _c2001 |
||
| 300 | _b平 | ||
| 650 | _a连续性出版品; 期刊 | ||
| 942 |
_cBK _o053.8861 K1KDYS 2001 |
||
| 999 |
_c51616 _d51606 |
||